MyGZULibrary

Conflict-related violence against women : (Record no. 1634)

MARC details
000 -LEADER
fixed length control field 03647cam a2200337 i 4500
001 - CONTROL NUMBER
control field 19972533
003 - CONTROL NUMBER IDENTIFIER
control field GZU
005 - DATE AND TIME OF LATEST TRANSACTION
control field 20201021091234.0
008 - FIXED-LENGTH DATA ELEMENTS--GENERAL INFORMATION
fixed length control field 170831s2018 nyu 000 0 eng
010 ## - LIBRARY OF CONGRESS CONTROL NUMBER
LC control number 2017040739
020 ## - INTERNATIONAL STANDARD BOOK NUMBER
International Standard Book Number 9781107106345 (hardback)
040 ## - CATALOGING SOURCE
Original cataloging agency DLC
Language of cataloging eng
Transcribing agency DLC
Description conventions rda
Modifying agency DLC
042 ## - AUTHENTICATION CODE
Authentication code pcc
050 00 - LIBRARY OF CONGRESS CALL NUMBER
Classification number HV6250.4.W65
Item number S93 2018
082 00 - DEWEY DECIMAL CLASSIFICATION NUMBER
Classification number 362.88082
Edition number 23
100 1# - MAIN ENTRY--PERSONAL NAME
Personal name Swaine, Aisling,
Relator term author.
245 10 - TITLE STATEMENT
Title Conflict-related violence against women :
Remainder of title transforming transition /
Statement of responsibility, etc. Aisling Swaine London School of Economics and Political Science
264 #1 - PRODUCTION, PUBLICATION, DISTRIBUTION, MANUFACTURE, AND COPYRIGHT NOTICE
Place of production, publication, distribution, manufacture New York :
Name of producer, publisher, distributor, manufacturer Cambridge University Press,
Date of production, publication, distribution, manufacture, or copyright notice 2018.
300 ## - PHYSICAL DESCRIPTION
Extent xii, 321 pages ;
Dimensions 24 cm
336 ## - CONTENT TYPE
Content type term text
Content type code txt
Source rdacontent
337 ## - MEDIA TYPE
Media type term unmediated
Media type code n
Source rdamedia
338 ## - CARRIER TYPE
Carrier type term volume
Carrier type code nc
Source rdacarrier
505 8# - FORMATTED CONTENTS NOTE
Formatted contents note Machine generated contents note: Part I. Introduction: 1. Introduction; Part II. Approaches to Understanding Conflict-Related Violence Against Women: 2. Historic prevalence vs contemporary celebrity: sexing dichotomies in today's wars; 3. Who wins the worst violence contest? Armed conflict and violence in Northern Ireland, Liberia and Timor-Leste; Part III. Violence Against Women before, during and after Conflict: 4. Beyond strategic rape: expanding conflict-related violence against women; 5. Connections and distinctions: ambulant violence across pre-, during and post-conflict contexts; 6. Seeing violence in the aftermath: what's labeling got to do with it?; Part IV. Justice, Transition and Transformation: 7. Transitions and violence after conflict: transitional justice; 8. Conclusion: transition or transformation?.
520 ## - SUMMARY, ETC.
Summary, etc. "By comparatively assessing violence against women in three conflict-affected jurisdictions (Liberia, Northern Ireland and Timor-Leste), Conflict Related Violence Against Women empirically and theoretically expands current understanding of the form and nature of conflict-related violence against women. Employing a disaggregated and aggregated approach, the book first documents violence against women in each context's pre-, mid- and post-conflict phase, and then assesses the relations between the violence in each phase on an aggregated basis. Through this approach, Swaine highlights a wider spectrum of conflict-related violence against women than is currently acknowledged. She identifies a range of forces that simultaneously push open and close down spaces for addressing violence against women through post-justice mechanisms. The book proposes that in the aftermath of conflict, a transformation rather than a transition is required if justice processes are to play a role in preventing gendered violence before conflict and its appearance during conflict"--
Assigning source Provided by publisher.
520 ## - SUMMARY, ETC.
Summary, etc. "By comparatively assessing violence against women in three conflict-affected jurisdictions (Liberia, Northern Ireland and Timor-Leste), Conflict Related Violence Against Women empirically and theoretically expands current understanding of the form and nature of conflict- related violence against women. Employing a disaggregated and aggregated approach, the book first documents violence against women in each context's pre-, mid- and post-conflict phase, and then assesses the relations between the violence in each phase on an aggregated basis"--
Assigning source Provided by publisher.
650 #0 - SUBJECT ADDED ENTRY--TOPICAL TERM
Topical term or geographic name entry element Women
General subdivision Violence against
Form subdivision Case studies.
650 #0 - SUBJECT ADDED ENTRY--TOPICAL TERM
Topical term or geographic name entry element Conflict management
Form subdivision Case studies.
906 ## - LOCAL DATA ELEMENT F, LDF (RLIN)
a 7
b cbc
c orignew
d 1
e ecip
f 20
g y-gencatlg
942 ## - ADDED ENTRY ELEMENTS (KOHA)
Source of classification or shelving scheme Library of Congress Classification
Koha item type Books
Classification part 6250.4
Item part SWA
Call number prefix HV
Call number suffix 2018
Holdings
Withdrawn status Lost status Damaged status Not for loan Collection code Home library Current library Shelving location Date acquired Total Checkouts Full call number Barcode Date last seen Copy number Price effective from Koha item type
        Non-fiction City Campus Library City Campus Library General Stacks 10/21/2020   HV6250.4 SWA 2018 030485 10/21/2020 c.1 10/21/2020 Books